| 000 | 00582nam a2200217Ia 4500 | ||
|---|---|---|---|
| 003 | OSt | ||
| 005 | 20230504183826.0 | ||
| 008 | 210423s2020 xx 000 0 und d | ||
| 020 | _a978-81-9433-5979 | ||
| 040 | _cAL | ||
| 041 | _aeng | ||
| 082 |
_a575.1 _223 _bSHIF |
||
| 100 |
_aSHIKHA (Kumari); SINGH (Alok); SINGH (Saurabh) _998154 |
||
| 245 | _aFundamentals of genetics | ||
| 260 |
_aVaranasi _bkushal Publication & Distributors _c2020 |
||
| 300 |
_a132 _bPB |
||
| 365 |
_b160 _cINR |
||
| 650 |
_aGenetics _998155 |
||
| 906 | _aFundamentals ; genetics | ||
| 942 |
_2ddc _cBK |
||
| 999 |
_c170971 _d170971 |
||